000 00717nam a2200253Ia 4500
003 OSt
005 20220928122809.0
006 a|||||r|||| 00| 0
007 ta
008 220927b |||||||| |||| 00| 0 eng d
020 _c4970.5
024 _a128639
037 _b219, 31/12/2015, Classic Book Service
_cTextual
040 _aSDCL
_cSDCL
_beng
041 _2eng
_aeng
082 _aR3xH20, Q4
100 _aCox Rory
_9459109
245 0 _aJohn wyclif on war and peace
260 _aNew York
_b Boydell and Brewer
_c2014
300 _axiv;200p.
_ccm.
650 _aHistory
942 _hR3xH20, Q4
_cTEXL
_2CC
999 _c772446
_d772446